Normal view
MARC view
- Smedes, Lewis B
Entry Personal Name
001 - CONTROL NUMBER
- control field: 91702
003 - CONTROL NUMBER IDENTIFIER
- control field: NUST
005 - DATE AND TIME OF LATEST TRANSACTION
- control field: 20220520154251.0
008 - FIXED-LENGTH DATA ELEMENTS
- fixed length control field: 220520|| aca||aabn | a|a d
040 ## - CATALOGING SOURCE
- Original cataloging agency: NUST
- Transcribing agency: NUST
100 ## - HEADING--PERSONAL NAME
- Personal name: Smedes, Lewis B
670 ## - SOURCE DATA FOUND
- Source citation: Work cat.: (NUST)0: Smedes, Lewis B., Forgive and forget :, 1984.
